Wsie Powiatu Chrzanowskiego - Statystyki

Ogólne statystyki
  • Ten quiz został rozwiązany 72 razy
  • Średni wynik to 20 z 37
Statystyki odpowiedzi
Wieś Gmina % Poprawnych
Alwernia Alwernia
88%
Babice Babice
86%
Trzebinia Trzebinia
82%
Libiąż Libiąż
76%
Bolęcin Trzebinia
71%
Chrzanów Chrzanów
71%
Płaza Chrzanów
67%
Młoszowa Trzebinia
63%
Poręba Żegoty Alwernia
63%
Balin Chrzanów
59%
Regulice Alwernia
59%
Zagórze Babice
59%
Dulowa Trzebinia
57%
Piła Koscielecka Trzebinia
57%
Luszowice Chrzanów
55%
Pogorzyce Chrzanów
55%
Kwaczała Alwernia
53%
Wygiełzów Babice
53%
Żarki Libiąż
53%
Brodła Alwernia
51%
Okleśna Alwernia
49%
Karniowice Trzebinia
47%
Myślachowice Trzebinia
47%
Gromiec Libiąż
45%
Grojec Alwernia
43%
Lgota Trzebinia
43%
Mętków Babice
43%
Nieporaz Alwernia
43%
Rozkochów Babice
43%
Jankowice Babice
41%
Płoki Trzebinia
41%
Czyżówka Trzebinia
39%
Psary Trzebinia
39%
Źródła Alwernia
39%
Mirów Alwernia
35%
Olszyny Babice
35%
Podłęże Alwernia
22%
Nie znaleziono quizów pasujących do podanych kryteriów
Rozkład punktacji
Procent ludzi z każdym wynikiem
Percentyl według liczby udzielonych odpowiedzi
Twoja historia wyników
Nie rozwiązałeś tego quizu